Coupes du Monde de Football: Pays de Galles - Statistiques

Statistiques générales
  • Ce quiz a été pris 37 fois
  • Le résultat moyen est 5 sur 7
Statistiques - réponses
Réponse % Correct
Angleterre
91%
Etats-Unis
88%
Suède
88%
Iran
85%
Brésil
76%
Hongrie
59%
Mexique
50%
Aucun quiz correspondant
Distribution des résultats
% des personnes avec chaque résultat
Percentile par nombre de réponses
Votre historique - résultats
Vous n’avez pas pris ce quiz